书目信息 |
| 题名: |
死去活来:我与世界级企业巨头的对话
|
|
| 作者: | 郑雅心 著 | |
| 分册: | ||
| 出版信息: | 北京 北京大学出版社 2000.04 |
|
| 页数: | 418页 | |
| 开本: | 32开 | |
| 丛书名: | ||
| 单 册: | ||
| 中图分类: | I253.3 | |
| 科图分类: | ||
| 主题词: | 报告文学--中国 , 传记文学--中国 | |
| 电子资源: | ||
| ISBN: | 7-301-04521-2 | |
| 000 | 00628nam0 2200205 45 | |
| 001 | 0012051731 | |
| 005 | 20001205170529.4 | |
| 010 | @a7-301-04521-2@d25.00元 | |
| 100 | @a20001205d2000 km y0chiy0120 ea | |
| 101 | 0 | @achi |
| 105 | @a z 000yy | |
| 200 | 1 | @a死去活来:我与世界级企业巨头的对话@ASi Qu Huo Lai:Wo Yu Shi Jie Ji Qi Ye Ju Tou De Dui Hua@f郑雅心著@FZheng Ya Xin Zhu |
| 210 | @a北京@c北京大学出版社@d2000.04 | |
| 215 | @a418页@d32开 | |
| 606 | 0 | @a报告文学@x中国 |
| 606 | 0 | @a传记文学@x中国 |
| 690 | @aI253.3@v3 | |
| 701 | 0 | @a郑雅心@4著 |
| 801 | @aCN@bPftUser@c20001205 | |
| 905 | @b514206-208@dI253.3@eZH903@f3 | |
| 死去活来:我与世界级企业巨头的对话/郑雅心著.-北京:北京大学出版社,2000.04 |
| 418页;32开 |
| ISBN 7-301-04521-2:25.00元 |
| ● |
| 相关链接 |
|
|
|
正题名:死去活来:我与世界级企业巨头的对话
索取号:I253.3/ZH903
 
预约/预借
| 序号 | 登录号 | 条形码 | 馆藏地/架位号 | 状态 | 备注 |
| 1 | 514206 | 205142068 | 社科二线422/422社科库 28排2列1层/ [索取号:I253.3/ZH903] | 在馆 | |
| 2 | 514207 | 205142077 | 社科二线422/422社科库 28排2列1层/ [索取号:I253.3/ZH903] | 在馆 | |
| 3 | 514208 | 205142086 | 文学库108/ [索取号:I253.3/ZH903] | 在馆 |